World of Tanks Genral Knowledge #2 - Statistics

General Stats
  • This quiz has been taken 234 times
    233 since last reset
  • The average score is 7 of 20
Answer Stats
Hint Answer % Correct
What tier is the KV-4? 8
77%
What is the top speed of the AMX CDC 57
60%
How much gun depression does a Comet have? 12
55%
How much damage on average does an elite M103 do per shot? 400
54%
What is the tier 6 french heavy tank? ARL 44
52%
How much HP does a TOG 2 have? 1400
46%
What is the tier 7 non turreted USA TD? T25 AT
43%
What is the caliber of the gun on the E75 128
39%
How much mm of penetration does a elite Tiger 2 have. 225
39%
What equipment increases your reload? Gun Rammer
34%
How thick is the side armor of an E75? 120
28%
What is the biggest weakspot for all german tanks tier 7 and up? Lower Glacis
28%
What is the t-43? Russian medium
25%
What equipment is mounted to increase ramming effectiveness? Spall Liner
25%
What equipment decreases your aim time? Gun laying Drive
20%
How thick is the frontal turret armor of the T29? 279
16%
What tank at tier 8 has the most fear factor? ISU-152
12%
Why is that such a big weakspot? Engine
10%
Generally, where do heavy tanks go in Himmelsorf Standard? Heavy Tank Alley
4%
What is the most poorly armored tier 7 TD? Sturer Emile
1%
No matching quizzes found
Score Distribution
Percent of People with Each Score
Percentile by Number Answered
Your Score History
You have not taken this quiz since the last reset